Catalog

Record Details

Catalog Search



Raná péče u dětí s postižením zraku : diplomová práce Cover Image Book Book

Raná péče u dětí s postižením zraku : diplomová práce Michaela Kardová ; vedoucí práce: Marie Ortová

Record details

  • Physical Description: 58 s.

Available copies

  • 1 of 1 copy available at Common Catalog SPOK.

Holds

  • 0 current holds with 1 total copy.
Show All Copies
Location Call Number / Copy Notes Barcode Shelving Location Status Due Date
Jabok Library ABP-0147 424480001790 Absolventské práce Reference -

LDR 00748ntm a22 a 4500
00110759
003CZ-PrJAB
00520161020095436.0
008991012s1999 xr e |||| |cze
035 . ‡a(CONS)10759
035 . ‡aKPS0005469
040 . ‡aABG312 ‡bcze
10010. ‡aKardová, Michaela ‡4aut
110 2. ‡aJABOK - Vyšší sociálně pedagogická a teologická škola ‡bPraha
2451 . ‡aRaná péče u dětí s postižením zraku : ‡bdiplomová práce ‡cMichaela Kardová ; vedoucí práce: Marie Ortová
260 . ‡aPraha ; ‡c1999
300 . ‡a58 s.
6530 . ‡araná péče ‡aděti ‡apostižení ‡azrakově postižení ‡anevidomí ‡avývoj ‡astřediska rané péče ‡arehabilitace ‡avýzkum
7001 . ‡aOrtová, Marie
910 . ‡aABG312
901 . ‡a10759 ‡bUnknown ‡c10759 ‡tbiblio

Additional Resources